[Event "Heusenstamm Sparkassen op 11th"]
[Site "Heusenstamm"]
[Date "2024.11.23"]
[Round "5"]
[White "Manasek, Martin"]
[Black "Doering, Janno"]
[Result "1/2-1/2"]
[WhiteElo "1656"]
[BlackElo "1813"]
[PlyCount "92"]
[EventDate "2024.11.21"]
[EventType "swiss"]
[EventRounds "7"]
[EventCountry "GER"]
[SourceTitle "CB51_2024"]
[SourceDate "2024.12.18"]
[SourceVersion "1"]
[SourceVersionDate "2024.12.18"]
[SourceQuality "1"]

1. d4 Nf6 2. c4 e6 3. Nc3 Bb4 4. Nf3 0-0 5. Qc2 c5 6. e3 d5 7. Be2 Nc6 8. 0-0 dxc4 9. Bxc4 cxd4 10. Ne2 dxe3 11. Bxe3 Qe7 12. a3 Bd6 13. Ba2 e5 14. Ng3 Bg4 15. Nd2 Rac8 16. Qa4 Rfd8 17. Nde4 Nxe4 18. Nxe4 Be6 19. Bxe6 Qxe6 20. Ng5 Qg6 21. Ne4 Bb8 22. Rfd1 h6 23. Ng3 Qe6 24. Qe4 Bd6 25. b4 b6 26. Nf5 Ne7 27. Nxd6 Rxd6 28. Rxd6 Qxd6 29. Qg4 Rd8 30. h3 f5 31. Qc4+ Qd5 32. Qh4 Ng6 33. Qh5 Kh7 34. Qxf5 Rf8 35. Qc2 e4 36. Rd1 Qf5 37. Rd4 Re8 38. Qc6 Qe5 39. Qc2 Kh8 40. Qd2 Ne7 41. Bf4 Qf5 42. Be3 Nc6 43. Rd5 Qf7 44. Rd7 Re7 45. Rd6 Re6 46. Rd7 Re7 1/2-1/2